01277nam a2200277 a 450000100060000000300080000600500170001400800410003103500190007204000350009104100080012608200250013410000280015924502340018726000920042130000470051350200690056050400310062965000460066065000380070670000410074470000380078594200130082399900170083695201460085379827BD-RjUL20230608124715.0220522s2006 bg a|||| m||| 00| 0 eng d a(BD-RjUL)79827 aBD-RjULbengcBD-RjULdBD-RjUL aeng 223a632.96bFEE 2006 aFerdous, Jannatul9310310aEFFECT OF THE PREDATOR, XYLOCORIS FLAVIPES (REUTER) AND THE INSECT GROWTH REGULATORS TRIFLUMURON AND DIFLUBENZURON ON TRIBOLIUM CASTANEUM (HERBST) /cJannatul Ferdous ;6Supervisor : Md. Wahedul Islam, Supervisor : Selina Parween aRajshahi :bIPM Laboratory, Institute of Biological Sciences, Rajshahi Universityc2006 a[7], iv, [1], 168 leaves :bill. ;c29 cm. aThesis (Ph. D.) -- Institute of Biological Sciences, R. U. 2006 aReferences: Leaves 104-139 aBiological controlxAnimal injuries93104 aBiological controlxInsects93107 aIslam, Md. Wahedul, Supervisor93105 aParween, Selina, Supervisor93106 2ddccTHE c79827d79827 102ddc40718THESESaRUCLbRUCLcDoc/Thed2007-02-12eController of Exam. R.U.l0oTHE 632.96 FEE 2006pD2572r2022-05-22 00:00:00tC-1yTHE